MARC

LEADER 00000nam0a2200000 4500
001 365860
005 20231102011827.0
035 |a (RuTPU)RU\TPU\retro\23223 
090 |a 365860 
100 |a 20220124d1979 km y0rusy50 ca 
101 0 |a rus 
102 |a RU 
105 |a a z 001zy 
200 1 |a Ошибочные реакции человека-оператора  |f И. Е. Цибулевский 
210 |a Москва  |c Советское радио  |d 1979 
215 |a 208 с.  |c ил. 
225 1 |a Библиотека технической кибернетики 
320 |a Библиогр.: с. 199-201 
320 |a Предм. указ.: с. 202-204 
606 1 |a "Человек и машина", система  |x (автоматика)  |2 stltpush  |3 (RuTPU)RU\TPU\subj\18595  |9 43992 
610 1 |a ошибки 
610 1 |a ошибочные реакции 
610 1 |a операторы 
610 1 |a кодирование 
610 1 |a инженерная психология 
610 1 |a челюстно-лицевая система 
675 |a 681.5  |v 4 
700 1 |a Цибулевский  |b И. Е. 
801 1 |a RU  |b 63413507  |c 20220124 
942 |c BK